000 00833nam a22002171i 4500
001 000030499
003 RuMoIPM
005 20260506124925.0
008 030307s1991----bw | c rus
020 _a5-339-00558-5
040 _aRuMoIPM
_brus
_ercr
041 0 _arus
044 _abw
080 _a51(03)(07)
245 1 _aРуководство к решению задач по математике
_bСправочное пособие : Для поступающих в вузы
_c[В. А. Протасеня и др.] ; Под общ. ред. В. А. Протасени
260 _aМинск
_bВышэйшая школа
_c1991
300 _a349, [1] с.
_bил.
504 _aПредм. указ.: с. 343-346
700 1 _aПротасеня, Валентина Андреевна
_eавт.
_eред.
942 _cBK
999 _c30499
_d30499